Statistics for NHL 50 Goal Scorers

Click here to take the quiz!

General Stats

  • This quiz has been taken 38 times
    (26 since last reset)
  • The average score is 120 of 208

Answer Stats

YearGoalsPlayer% Correct
2021-2260Auston Matthews
100%
2023-2458*Auston Matthews
100%
2008-0956Alex Ovechkin
95%
2013-1451Alex Ovechkin
95%
2014-1553Alex Ovechkin
95%
2015-1650Alex Ovechkin
95%
2009-1050Alex Ovechkin
95%
2018-1951Alex Ovechkin
95%
2021-2250Alex Ovechkin
95%
2007-0865Alex Ovechkin
95%
2005-0652Alex Ovechkin
95%
2022-2364Connor McDavid
95%
2009-1051Sidney Crosby
95%
1986-8754Mario Lemieux
90%
1987-8870Mario Lemieux
90%
1988-8985Mario Lemieux
90%
1992-9369Mario Lemieux
90%
1996-9750Mario Lemieux
90%
1995-9669Mario Lemieux
90%
1980-8155Wayne Gretzky
90%
1982-8371Wayne Gretzky
90%
1988-8954Wayne Gretzky
90%
1986-8762Wayne Gretzky
90%
1984-8573Wayne Gretzky
90%
1983-8487Wayne Gretzky
90%
1985-8652Wayne Gretzky
90%
1979-8051Wayne Gretzky
90%
1981-8292Wayne Gretzky
90%
1961-6250Bobby Hull
86%
1971-7250Bobby Hull
86%
1968-6958Bobby Hull
86%
1966-6752Bobby Hull
86%
1965-6654Bobby Hull
86%
1992-9354Brett Hull
86%
1993-9457Brett Hull
86%
1989-9072Brett Hull
86%
1990-9186Brett Hull
86%
1991-9270Brett Hull
86%
1980-8152Jacques Richard
86%
2022-2352Leon Draisaitl
86%
2021-2255Leon Draisaitl
86%
2018-1950Leon Draisaitl
86%
1981-8250Mark Messier
86%
1944-4550Maurice Richard
86%
1979-8050Guy Lafleur
81%
1975-7656Guy Lafleur
81%
1977-7860Guy Lafleur
81%
1978-7952Guy Lafleur
81%
1976-7756Guy Lafleur
81%
1974-7553Guy Lafleur
81%
1984-8571Jari Kurri
81%
1983-8452Jari Kurri
81%
1986-8754Jari Kurri
81%
1985-8668Jari Kurri
81%
1971-7266Phil Esposito
81%
1972-7355Phil Esposito
81%
1973-7468Phil Esposito
81%
1974-7561Phil Esposito
81%
1970-7176Phil Esposito
81%
1997-9852Teemu Selanne
81%
1996-9751Teemu Selanne
81%
1992-9376Teemu Selanne
81%
2011-1250Evgeni Malkin
76%
1995-9651Joe Sakic
76%
2000-0154Joe Sakic
76%
1978-7959Marcel Dionne
76%
1982-8356Marcel Dionne
76%
1980-8158Marcel Dionne
76%
1981-8250Marcel Dionne
76%
1976-7753Marcel Dionne
76%
1979-8053Marcel Dionne
76%
1980-8168Mike Bossy
76%
1981-8264Mike Bossy
76%
1982-8360Mike Bossy
76%
1983-8451Mike Bossy
76%
1984-8558Mike Bossy
76%
1977-7853Mike Bossy
76%
1985-8661Mike Bossy
76%
1979-8051Mike Bossy
76%
1978-7969Mike Bossy
76%
1988-8965Steve Yzerman
76%
1989-9062Steve Yzerman
76%
1987-8850Steve Yzerman
76%
1992-9358Steve Yzerman
76%
1990-9151Steve Yzerman
76%
1995-9655Alexander Mogilny
71%
1992-9376Alexander Mogilny
71%
2005-0650Dany Heatley
71%
2006-0750Dany Heatley
71%
1992-9354Dave Andreychuk
71%
1993-9453Dave Andreychuk
71%
2022-2361David Pastrňák
71%
2007-0850Jarome Iginla
71%
2001-0252Jarome Iginla
71%
1993-9450Mike Modano
71%
2011-1260Steven Stamkos
71%
2009-1051Steven Stamkos
71%
2005-0654Jaromir Jagr
67%
1995-9662Jaromir Jagr
67%
2000-0152Jaromir Jagr
67%
1992-9353Mark Recchi
67%
2023-2450*Sam Reinhart
67%
1993-9456Sergei Fedorov
67%
1992-9351Brendan Shanahan
62%
1993-9452Brendan Shanahan
62%
1981-8250Bryan Trottier
62%
1984-8553Dale Hawerchuk
62%
2023-2450*Zach Hyman
62%
2010-1150Corey Perry
57%
1988-8951Joe Nieuwendyk
57%
1987-8851Joe Nieuwendyk
57%
1996-9752Keith Tkachuk
57%
1995-9650Keith Tkachuk
57%
1984-8550Mike Gartner
52%
2022-2355Mikko Rantanen
52%
1989-9054Pat LaFontaine
52%
1992-9353Pat LaFontaine
52%
2000-0159Pavel Bure
52%
1997-9851Pavel Bure
52%
1999-0058Pavel Bure
52%
1993-9460Pavel Bure
52%
1992-9360Pavel Bure
52%
1985-8654Glenn Anderson
48%
1983-8454Glenn Anderson
48%
1970-7151Johnny Bucyk
48%
1989-9052Luc Robitaille
48%
1987-8853Luc Robitaille
48%
1992-9363Luc Robitaille
48%
1988-8970Bernie Nicholls
43%
2022-2351Brayden Point
43%
1989-9055Cam Neely
43%
1990-9151Cam Neely
43%
1993-9450Cam Neely
43%
2005-0652Ilya Kovalchuk
43%
2007-0852Ilya Kovalchuk
43%
1985-8653Michel Goulet
43%
1982-8357Michel Goulet
43%
1984-8555Michel Goulet
43%
1983-8456Michel Goulet
43%
1992-9358Pierre Turgeon
43%
1990-9151Theo Fleury
43%
1975-7650Bill Barber
38%
2021-2252Chris Kreider
38%
1991-9253Gary Roberts
38%
1992-9350Jeremy Roenick
38%
1991-9253Jeremy Roenick
38%
1982-8366Lanny McDonald
38%
1995-9650Paul Kariya
38%
1976-7760Steve Shutt
38%
1993-9452Adam Graves
33%
1960-6150Bernie Geoffrion
33%
1981-8255Dino Ciccarelli
33%
1986-8752Dino Ciccarelli
33%
2005-0656Jonathan Cheechoo
33%
1991-9254Kevin Stevens
33%
1992-9355Kevin Stevens
33%
1997-9852Peter Bondra
33%
1995-9652Peter Bondra
33%
1979-8050Reggie Leach
33%
1975-7661Reggie Leach
33%
2006-0752Vincent Lecavalier
33%
1973-7450Ken Hodge
29%
1972-7350Rick MacLeish
29%
1973-7452Rick Martin
29%
1974-7552Rick Martin
29%
1981-8254Rick Vaive
29%
1982-8351Rick Vaive
29%
1983-8452Rick Vaive
29%
1980-8156Charlie Simmer
24%
1979-8056Charlie Simmer
24%
1981-8260Dennis Maruk
24%
1980-8150Dennis Maruk
24%
1989-9051Gary Leeman
24%
1987-8850Hakan Loob
24%
1988-8951Joe Mullen
24%
1972-7352Mickey Redmond
24%
1973-7451Mickey Redmond
24%
2002-0350Milan Hejduk
24%
1989-9051Stephane Richer
24%
1987-8850Stephane Richer
24%
1971-7250Vic Hadfield
24%
1982-8354Al Secord
19%
1981-8252Blaine Stoughton
19%
1979-8056Blaine Stoughton
19%
1979-8056Danny Gare
19%
1975-7650Danny Gare
19%
1974-7550Danny Grant
19%
1996-9750John LeClair
19%
1997-9851John LeClair
19%
1995-9651John LeClair
19%
1980-8155Rick Kehoe
19%
1981-8251Rick Middleton
19%
1989-9055Brian Bellows
14%
1978-7950Guy Chouinard
14%
1975-7652Jean Pronovost
14%
1983-8451Mike Bullard
14%
1979-8050Pierre Larouche
14%
1975-7653Pierre Larouche
14%
1993-9452Ray Sheppard
14%
1983-8454Tim Kerr
14%
1985-8658Tim Kerr
14%
1984-8554Tim Kerr
14%
1986-8758Tim Kerr
14%
1980-8154Wayne Babych
14%
1987-8856Craig Simpson
10%
1987-8855Jimmy Carson
10%
1984-8555John Ogrodnick
10%
1984-8553Bobby Carpenter
5%

Score Distribution

Percentile by Number Answered

Percent of People with Each Score

Your Score History

You have not taken this quiz since the last reset